[Event "SVM-Regionalliga 2024-25"]
[Site "?"]
[Date "2024.10.13"]
[Round "3.6"]
[Board "2"]
[White "Karimi,Farhad"]
[Black "Bien,Stefan"]
[WhiteTeam "Klub Kölner SF 3"]
[BlackTeam "SV Horrem 1"]
[WhiteElo "2031"]
[BlackElo "1970"]
[WhiteDWZ "2037"]
[BlackDWZ "2014"]
[Result "0-1"]
[PlyCount "94"]
[EventDate "2024.10.13"]
[SourceDate "2024.10.13"]
 
1. e4 c6 2. Nc3 d5 3. Nf3 Bg4 4. h3 Bxf3 5. Qxf3 e6 6. exd5 cxd5 7. Bb5+ Nc6 8. O-O Bd6 9. Qg4 Qf6 10. d3 Nge7 11. Ne2 O-O 12. Bg5 Qg6 13. f4 Nf5 14. h4 h5 15. Qh3 f6 16. c3 fxg5 17. hxg5 a6 18. Ba4 b5 19. Bb3 Na5 20. Bd1 Qf7 21. b4 Nc6 22. Bb3 g6 23. d4 a5 24. a3 Rfc8 25. Qd3 Qb7 26. Rae1 axb4 27. axb4 Ra3 28. Nc1 Kf7 29. Rf2 Re8 30. g3 Re7 31. Rfe2 Ra8 32. Kg2 Na7 33. Qf3 Rae8 34. Nd3 Nc8 35. Ne5+ Bxe5 36. Rxe5 Nb6 37. Bc2 Nc4 38. R5e2 Ncd6 39. Rh1 Ne4 40. g4 hxg4 41. Qxg4 Kg8 42. Ree1 Rh7 43. Rxh7 Qxh7 44. Bxe4 dxe4 45. Rxe4 Qb7 46. Qe2 Nd6 47. Kf3 Rc8 0-1

[Event "SVM-Regionalliga 2024-25"]
[Site "?"]
[Date "2024.10.13"]
[Round "3.6"]
[Board "4"]
[White "Theisen,Johannes"]
[Black "Schulz,Wilhelm"]
[WhiteTeam "Klub Kölner SF 3"]
[BlackTeam "SV Horrem 1"]
[WhiteElo "1876"]
[BlackElo "2046"]
[WhiteDWZ "1880"]
[BlackDWZ "2002"]
[Result "0-1"]
[PlyCount "74"]
[EventDate "2024.10.13"]
[SourceDate "2024.10.13"]
 
1. e4 c5 2. Nf3 e6 3. g3 d5 4. exd5 exd5 5. d4 Nf6 6. Bg2 Be7 7. O-O O-O 8. Nc3 Nc6 9. b3 b6 10. Bb2 Bb7 11. Ne2 Re8 12. Ne5 Ne4 13. dxc5 Nxe5 14. Bxe5 Bxc5 15. Bb2 Ba6 16. Bxe4 dxe4 17. c4 Qg5 18. Qc2 Rad8 19. Rad1 Bb7 20. Nf4 e3 21. Rxd8 exf2+ 22. Rxf2 Qxd8 23. Bc3 Qe7 24. Kf1 Bxf2 25. Qxf2 Qe4 26. Qd4 Qh1+ 27. Kf2 Qxh2+ 28. Kf1 Qh1+ 29. Kf2 Qf3+ 30. Kg1 Qxg3+ 31. Kf1 f6 32. Bd2 Qf3+ 33. Kg1 Qe4 34. Qd7 Qe7 35. Qd3 Rd8 36. Qc3 Qe5 37. Qc2 Qd4+ 0-1

[Event "SVM-Regionalliga 2024-25"]
[Site "?"]
[Date "2024.10.13"]
[Round "3.6"]
[Board "5"]
[White "Allatif,Kinan"]
[Black "Lemaic,Mile"]
[WhiteTeam "SV Horrem 1"]
[BlackTeam "Klub Kölner SF 3"]
[WhiteElo "1881"]
[BlackElo "1883"]
[WhiteDWZ "1917"]
[BlackDWZ "1966"]
[Result "1-0"]
[PlyCount "118"]
[EventDate "2024.10.13"]
[SourceDate "2024.10.13"]
 
1. d4 Nf6 2. Nf3 g6 3. Bg5 Bg7 4. Nc3 d5 5. Qd2 c5 6. Bh6 Bxh6 7. Qxh6 cxd4 8. Nxd4 e5 9. Nf3 d4 10. O-O-O Nbd7 11. Nb5 a6 12. Nd6+ Ke7 13. Nc4 Qc7 14. e3 b5 15. Ncxe5 Nxe5 16. Qf4 Nfd7 17. Rxd4 f6 18. Be2 Bb7 19. Rhd1 Rac8 20. c3 Rhd8 21. Qh6 Nf8 22. Nxe5 Rxd4 23. Nxg6+ hxg6 24. Rxd4 Ke8 25. Rf4 Qh7 26. Qxh7 Nxh7 27. a4 Rc5 28. axb5 axb5 29. Bd3 Kf7 30. Rd4 Rd5 31. f3 Rxd4 32. exd4 b4 33. c4 Ng5 34. d5 f5 35. Kc2 Kf6 36. Kb3 Ke5 37. Kxb4 Kd4 38. Bc2 Nf7 39. Bb3 Ne5 40. Kb5 Nd7 41. Bc2 Ba8 42. h4 Ne5 43. Bb3 Nd7 44. Ba2 Bb7 45. b4 Ke5 46. c5 Bxd5 47. Bxd5 Kxd5 48. c6 Ne5 49. c7 Nf7 50. Ka6 Nd6 51. b5 f4 52. b6 Kc6 53. c8=Q+ Nxc8 54. b7 Kc7 55. bxc8=Q+ Kxc8 56. Kb6 Kd7 57. Kc5 Ke6 58. Kd4 Kf5 59. Kd5 g5 1-0

[Event "SVM-Regionalliga 2024-25"]
[Site "?"]
[Date "2024.10.13"]
[Round "3.6"]
[Board "6"]
[White "Richter,Götz"]
[Black "Block,Wolfgang"]
[WhiteTeam "Klub Kölner SF 3"]
[BlackTeam "SV Horrem 1"]
[WhiteElo "1984"]
[BlackElo "2090"]
[WhiteDWZ "1889"]
[BlackDWZ "1952"]
[Result "0-1"]
[PlyCount "46"]
[EventDate "2024.10.13"]
[SourceDate "2024.10.13"]
 
1. e4 c6 2. d4 d5 3. Nc3 dxe4 4. Nxe4 Bf5 5. Ng3 Bg6 6. N1e2 e6 7. Nf4 Bd6 8. Ngh5 Bxf4 9. Nxf4 Ne7 10. Nxg6 Nxg6 11. c3 Nd7 12. Be3 Nf6 13. Bd3 Nd5 14. Qf3 Qe7 15. Bd2 O-O 16. O-O-O c5 17. c4 Nb6 18. Bxg6 hxg6 19. dxc5 Nxc4 20. Bc3 Qxc5 21. Rhe1 b5 22. Bd4 Qg5+ 23. Kb1 Nd2+ 0-1

[Event "SVM-Regionalliga 2024-25"]
[Site "?"]
[Date "2024.10.13"]
[Round "3.6"]
[Board "7"]
[White "Olschewski,Martin"]
[Black "Pragua,Christoph"]
[WhiteTeam "SV Horrem 1"]
[BlackTeam "Klub Kölner SF 3"]
[WhiteElo "1791"]
[BlackElo "2031"]
[WhiteDWZ "1694"]
[BlackDWZ "1909"]
[Result "1/2-1/2"]
[PlyCount "59"]
[EventDate "2024.10.13"]
[SourceDate "2024.10.13"]
 
1. Nf3 Nf6 2. g3 g6 3. Bg2 Bg7 4. O-O O-O 5. d3 d6 6. e4 Nbd7 7. Nbd2 e5 8. b3 Re8 9. Bb2 b6 10. Re1 Bb7 11. a4 a5 12. c3 Nc5 13. Qc2 Qd7 14. Ba3 Rab8 15. Bb2 Rbd8 16. b4 axb4 17. cxb4 Ne6 18. d4 Nxd4 19. Nxd4 exd4 20. Bxd4 c5 21. Bc3 Qc7 22. b5 Nd7 23. Nc4 Ne5 24. Ne3 Ra8 25. Red1 f6 26. Nd5 Bxd5 27. Rxd5 Ra7 28. Qb3 Kh8 29. Bxe5 Rxe5 30. Rxe5 1/2-1/2

[Event "SVM_Regionalliga_2024-25"]
[Site "?"]
[Date "2024.11.10"]
[Round "4.2"]
[Board "1"]
[White "Meyer,Emil"]
[Black "Esser,Michael"]
[WhiteTeam "Klub Kölner SF 3"]
[BlackTeam "Bayer Leverkusen 1"]
[WhiteElo "1970"]
[BlackElo "2019"]
[WhiteDWZ "2047"]
[BlackDWZ "2035"]
[Result "1-0"]
[PlyCount "63"]
[EventDate "2024.11.10"]
[SourceDate "2024.11.10"]
 
1. e4 Nf6 2. e5 Nd5 3. c4 Nb6 4. d4 d6 5. f4 dxe5 6. fxe5 Nc6 7. Be3 Bf5 8. Nc3 e6 9. Nf3 Be7 10. Be2 Nb4 11. Rc1 c5 12. a3 cxd4 13. Nxd4 Nc6 14. Nxf5 exf5 15. O-O O-O 16. c5 Nd7 17. b4 a6 18. Rxf5 g6 19. Rxf7 Kxf7 20. e6+ Ke8 21. exd7+ Qxd7 22. Qe1 Qe6 23. Bf3 Rd8 24. Qe2 Rf7 25. b5 axb5 26. Nxb5 Qe5 27. Re1 Rd7 28. Qc4 Rf8 29. Nd6+ Bxd6 30. cxd6 Qf5 31. Bxc6 bxc6 32. Bg5+ 1-0

[Event "SVM_Regionalliga_2024-25"]
[Site "?"]
[Date "2024.11.10"]
[Round "4.2"]
[Board "2"]
[White "Böhm,Stefan"]
[Black "Karimi,Farhad"]
[WhiteTeam "Bayer Leverkusen 1"]
[BlackTeam "Klub Kölner SF 3"]
[WhiteElo "1980"]
[BlackElo "2038"]
[WhiteDWZ "1978"]
[BlackDWZ "2056"]
[Result "0-1"]
[PlyCount "77"]
[EventDate "2024.11.10"]
[SourceDate "2024.11.10"]
 
1. d4 c5 2. d5 Nf6 3. Nc3 d6 4. e4 g6 5. h3 Bg7 6. Nf3 O-O 7. Bd3 e5 8. Bg5 Qa5 9. O-O h6 10. Be3 a6 11. a4 Nh5 12. Qd2 Kh7 13. Ne2 Qxd2 14. Nxd2 g5 15. Nc4 Rd8 16. Bd2 Ra7 17. Ba5 Rd7 18. Bb6 Ra8 19. Bxc5 dxc5 20. Nb6 c4 21. Bxc4 Rc7 22. b3 Ra7 23. d6 Rc6 24. a5 Nf6 25. Rfd1 Nbd7 26. Bxf7 Nxb6 27. axb6 Rxb6 28. Ra5 Rb5 29. Rxb5 axb5 30. Nc3 b6 31. Bd5 Bd7 32. b4 Kg6 33. f3 Bf8 34. Bb3 Ra8 35. Nd5 Nxd5 36. Rxd5 Kf6 37. Kf2 Bc6 38. Rd1 Rd8 39. Ra1 0-1

[Event "SVM_Regionalliga_2024-25"]
[Site "?"]
[Date "2024.11.10"]
[Round "4.2"]
[Board "5"]
[White "Graf,Peter"]
[Black "Eßer,Julian"]
[WhiteTeam "Klub Kölner SF 3"]
[BlackTeam "Bayer Leverkusen 1"]
[WhiteElo "1971"]
[BlackElo "1881"]
[WhiteDWZ "1954"]
[BlackDWZ "1940"]
[Result "1/2-1/2"]
[PlyCount "40"]
[EventDate "2024.11.10"]
[SourceDate "2024.11.10"]
 
1. e4 e6 2. d4 d5 3. Nc3 Bb4 4. exd5 exd5 5. Bd3 Ne7 6. Qf3 Nbc6 7. Nge2 Be6 8. a3 Ba5 9. Be3 Qd7 10. h3 Bb6 11. O-O-O O-O-O 12. Na4 Nf5 13. Nxb6+ axb6 14. Bb5 Nxe3 15. Qxe3 Qd6 16. Bxc6 Qxc6 17. g4 f6 18. Rhe1 Bf7 19. f4 Rde8 20. Qd2 Qd7 {(=)} 1/2-1/2

[Event "SVM_Regionalliga_2024-25"]
[Site "?"]
[Date "2024.11.10"]
[Round "4.2"]
[Board "6"]
[White "Henseler,Klaus"]
[Black "Richter,Götz"]
[WhiteTeam "Bayer Leverkusen 1"]
[BlackTeam "Klub Kölner SF 3"]
[WhiteElo "1926"]
[BlackElo "1984"]
[WhiteDWZ "1796"]
[BlackDWZ "1889"]
[Result "1/2-1/2"]
[PlyCount "73"]
[EventDate "2024.11.10"]
[SourceDate "2024.11.10"]
 
1. d4 Nf6 2. Nf3 b6 3. g3 c5 4. Bg2 Bb7 5. O-O g6 6. dxc5 bxc5 7. c4 Bg7 8. Nc3 O-O 9. Qc2 d6 10. h3 Nbd7 11. b3 Nb6 12. Bb2 e6 13. Rac1 Qe7 14. e3 Rfd8 15. Rfd1 Ne8 16. e4 Nc7 17. Re1 Nd7 18. Rcd1 Ne5 19. Nxe5 Bxe5 20. Ne2 Bxb2 21. Qxb2 e5 22. f4 f6 23. b4 cxb4 24. Qxb4 Na6 25. Qa3 Rac8 26. Rc1 Rc5 27. Nc3 Rdc8 28. Nd5 Bxd5 29. cxd5 Rxc1 30. Rxc1 Nc5 31. Qe3 Rb8 32. Rc2 Kg7 33. Rf2 Rb4 34. Re2 h6 35. h4 Qb7 36. Kh2 Qb5 37. Qf3 {(=)} 1/2-1/2

[Event "SVM_Regionalliga_2024-25"]
[Site "?"]
[Date "2024.11.10"]
[Round "4.2"]
[Board "7"]
[White "Pragua,Christoph"]
[Black "Petrovic,Julijan"]
[WhiteTeam "Klub Kölner SF 3"]
[BlackTeam "Bayer Leverkusen 1"]
[WhiteElo "2031"]
[BlackElo "1814"]
[WhiteDWZ "1909"]
[BlackDWZ "1789"]
[Result "0-1"]
[PlyCount "114"]
[EventDate "2024.11.10"]
[SourceDate "2024.11.10"]
 
1. e4 c5 2. Nf3 d6 3. Bb5+ Nd7 4. O-O Ngf6 5. Re1 e6 6. c3 a6 7. Bf1 e5 8. d4 Be7 9. a4 b6 10. Nbd2 cxd4 11. cxd4 Bb7 12. Bd3 Qc7 13. d5 O-O 14. Nf1 a5 15. Ng3 g6 16. Bh6 Rfc8 17. h3 Nc5 18. Bb5 Ba6 19. Qe2 Bxb5 20. Qxb5 Qd7 21. Qxd7 Nfxd7 22. Ra3 Ra7 23. Rc3 Rac7 24. Rec1 Nb8 25. Nd2 Nba6 26. b3 Nb4 27. Rc4 f6 28. Be3 Nbd3 29. R1c2 Kf7 30. Ngf1 f5 31. f3 f4 32. Bf2 Nxf2 33. Kxf2 Bh4+ 34. Ke2 Ke8 35. Nb1 Kd8 36. Nfd2 Nxb3 37. Rxc7 Nd4+ 38. Kd3 Rxc7 39. Rxc7 Kxc7 40. Na3 Be1 41. Ndc4 Bb4 42. Nc2 Nxc2 43. Kxc2 h5 44. Kd3 g5 45. Kc2 Bc5 46. Kd3 Kd7 47. Kc2 Ke7 48. Kd3 Kf6 49. Ke2 g4 50. hxg4 hxg4 51. fxg4 Kg5 52. Kf3 b5 53. axb5 a4 54. Nd2 a3 55. Nb3 a2 56. g3 fxg3 57. Kxg3 Bd4 0-1

[Event "SVM_Regionalliga_2024-25"]
[Site "?"]
[Date "2024.11.10"]
[Round "4.3"]
[Board "1"]
[White "Reinöhl,Christian"]
[Black "Kocur,Alois"]
[WhiteTeam "SK Troisdorf"]
[BlackTeam "SV Springer Hitdorf 1"]
[WhiteElo "2140"]
[BlackElo "2243"]
[WhiteDWZ "2101"]
[BlackDWZ "2180"]
[Result "0-1"]
[PlyCount "120"]
[EventDate "2024.11.10"]
[SourceDate "2024.11.10"]
 
1. e4 e5 2. Nf3 Nc6 3. Bc4 Nf6 4. d3 h6 5. O-O g6 6. d4 Qe7 7. Nc3 d6 8. Nd5 Qd8 9. Qd3 Bg7 10. dxe5 dxe5 11. Bb5 O-O 12. Bxc6 bxc6 13. Nxf6+ Qxf6 14. Be3 a5 15. Qc3 g5 16. a4 Qg6 17. Nd2 f5 18. Nc4 f4 19. Bc5 Rf7 20. Rfe1 g4 21. Nxa5 f3 22. Be3 Bd7 23. Nb3 fxg2 24. Nc5 Bc8 25. a5 Qh5 26. Qc4 Kh7 27. a6 Rf3 28. Rad1 g3 29. fxg3 Rxe3 30. Rxe3 Qxd1+ 31. Kxg2 Qd4 32. Qxd4 exd4 33. Rd3 Bf8 34. b4 Bxc5 35. bxc5 Rxa6 36. Rxd4 Be6 37. Rd2 Ra5 38. Kf3 Rxc5 39. Ke3 Kg6 40. Rf2 Rc4 41. Kd3 c5 42. Rf8 Rd4+ 43. Ke3 h5 44. Rf2 Rd1 45. Rf8 c4 46. Rf4 c3 47. e5 Bd5 48. h3 Rd2 49. g4 h4 50. Rf6+ Kg7 51. g5 Rxc2 52. e6 Rg2 53. e7 Bf7 54. Rc6 Rxg5 55. Rxc7 Be8 56. Kf4 Rg3 57. Kf5 Kf7 58. Kf4 Rxh3 59. Kg4 Rd3 60. Kxh4 Ba4 0-1

[Event "SVM_Regionalliga_2024-25"]
[Site "?"]
[Date "2024.11.10"]
[Round "4.3"]
[Board "3"]
[White "Fuß,Jean-Pierre"]
[Black "Schmitz,Andreas Arnold"]
[WhiteTeam "SK Troisdorf"]
[BlackTeam "SV Springer Hitdorf 1"]
[WhiteElo "1957"]
[BlackElo "1967"]
[WhiteDWZ "2057"]
[BlackDWZ "2021"]
[Result "1-0"]
[PlyCount "85"]
[EventDate "2024.11.10"]
[SourceDate "2024.11.10"]
 
1. d4 d5 2. c4 dxc4 3. e3 e5 4. Bxc4 exd4 5. exd4 Bb4+ 6. Nc3 Nc6 7. d5 Qe7+ 8. Nge2 Ne5 9. Bb5+ c6 10. dxc6 bxc6 11. O-O Bxc3 12. Nxc3 cxb5 13. Bf4 Ng6 14. Nd5 Nxf4 15. Nxe7 Nxe7 16. Re1 Be6 17. Qd4 Nfd5 18. Qxg7 Kd7 19. Rad1 Rhg8 20. Qe5 Rac8 21. Rd2 Rc6 22. Qd4 a6 23. f4 Nf5 24. Qe5 Rd6 25. Kf2 h5 26. Red1 Nfe7 27. f5 Nxf5 28. Rxd5 Bxd5 29. Rxd5 Rxd5 30. Qxd5+ Nd6 31. Qxh5 Rc8 32. Qe2 Rc4 33. g3 Ne4+ 34. Ke3 f5 35. b3 Rc6 36. Kf4 Re6 37. Qe3 Rf6 38. Qa7+ Kc6 39. Ke5 Rd6 40. Qxa6+ Kc7 41. Qxb5 Nf6 42. Qc5+ Rc6 43. Qxc6+ 1-0

[Event "SVM_Regionalliga_2024-25"]
[Site "?"]
[Date "2024.11.10"]
[Round "4.3"]
[Board "6"]
[White "Schmitz,Manuela"]
[Black "Sejdini,Valentin"]
[WhiteTeam "SV Springer Hitdorf 1"]
[BlackTeam "SK Troisdorf"]
[WhiteElo "1815"]
[BlackElo "1931"]
[WhiteDWZ "1846"]
[BlackDWZ "1777"]
[Result "1/2-1/2"]
[PlyCount "36"]
[EventDate "2024.11.10"]
[SourceDate "2024.11.10"]
 
1. d4 f5 2. Qd3 e6 3. e4 fxe4 4. Qxe4 Nf6 5. Qh4 Be7 6. Bg5 Nd5 7. Nf3 Bxg5 8. Nxg5 Qf6 9. Nc3 Nxc3 10. bxc3 h6 11. Nf3 Qxh4 12. Nxh4 Nc6 13. Ng6 Rg8 14. Bd3 Ne7 15. Nxe7 Kxe7 16. O-O b6 17. Rfe1 Bb7 18. Be4 Bxe4 {(=)} 1/2-1/2

[Event "SVM_Regionalliga_2024-25"]
[Site "?"]
[Date "2024.11.10"]
[Round "4.4"]
[Board "1"]
[White "Langer,Raphael"]
[Black "Henrotte,Nils"]
[WhiteTeam "SF Lohmar 1"]
[BlackTeam "Eschweiler SC 1"]
[WhiteElo "1880"]
[BlackElo "1987"]
[WhiteDWZ "1949"]
[BlackDWZ "1982"]
[Result "1-0"]
[PlyCount "54"]
[EventDate "2024.11.10"]
[SourceDate "2024.11.10"]
 
1. d4 Nf6 2. c4 e6 3. Nf3 Ne4 4. g3 d5 5. Nbd2 f5 6. Bg2 c6 7. O-O Nd7 8. b3 Bd6 9. a4 O-O 10. Ba3 Bxa3 11. Rxa3 Qf6 12. e3 g5 13. Qc2 g4 14. Nh4 Qe7 15. c5 e5 16. b4 Ndf6 17. dxe5 Qxe5 18. Nb3 Bd7 19. Rd1 Ng5 20. Nd4 Nfe4 21. b5 Qe7 22. bxc6 bxc6 23. Rc1 Rab8 {(=)} 24. Rb3 Rxb3 25. Qxb3 Nh3+ 26. Bxh3 gxh3 27. Qb7 Qe6 1-0

[Event "SVM_Regionalliga_2024-25"]
[Site "?"]
[Date "2024.11.10"]
[Round "4.4"]
[Board "2"]
[White "Kliffken,Julian"]
[Black "Akstinat,Sven-Holger"]
[WhiteTeam "Eschweiler SC 1"]
[BlackTeam "SF Lohmar 1"]
[WhiteElo "1767"]
[BlackElo "1980"]
[WhiteDWZ "1986"]
[BlackDWZ "1939"]
[Result "1/2-1/2"]
[PlyCount "99"]
[EventDate "2024.11.10"]
[SourceDate "2024.11.10"]
 
1. d4 e6 2. c4 b6 3. Nc3 Bb7 4. e4 Bb4 5. Qc2 Ne7 6. Nf3 O-O 7. Bd3 d6 8. O-O Bxc3 9. bxc3 Nd7 10. a4 a5 11. Ba3 e5 12. Rab1 Rb8 13. Nd2 Ng6 14. g3 Re8 15. c5 dxc5 16. dxc5 Bc6 17. Bb5 Qf6 18. Nc4 Ra8 19. Nd6 Bxb5 20. Nxe8 Rxe8 21. axb5 h5 22. Qd1 Qe6 23. Qxh5 Nf6 24. Qf3 Qh3 25. Qg2 Qxg2+ 26. Kxg2 Nxe4 27. cxb6 cxb6 28. Rbc1 Nd2 29. Rfd1 Nc4 30. Bd6 f6 31. Bc7 Nf8 32. Ra1 Kf7 33. Bd6 Nd7 34. Ba3 Ke6 35. Bc1 Rc8 36. Bd2 Rc5 {(=)} 37. Rab1 Nd6 38. Be3 Rxc3 39. Rbc1 Nxb5 40. Ra1 {(=)} Nd6 41. Bxb6 Nxb6 42. Rxa5 Rb3 43. Ra7 g5 44. h4 gxh4 45. gxh4 Nf5 46. h5 Nh4+ 47. Kh2 Nf3+ 48. Kg2 Nh4+ 49. Kh2 Nf3+ 50. Kg2 {(=)} 1/2-1/2

[Event "SVM_Regionalliga_2024-25"]
[Site "?"]
[Date "2024.11.10"]
[Round "4.4"]
[Board "3"]
[White "Weiler,Wolfgang"]
[Black "Singh,Marcel"]
[WhiteTeam "SF Lohmar 1"]
[BlackTeam "Eschweiler SC 1"]
[WhiteElo "1929"]
[BlackElo "1922"]
[WhiteDWZ "1852"]
[BlackDWZ "1821"]
[Result "0-1"]
[PlyCount "92"]
[EventDate "2024.11.10"]
[SourceDate "2024.11.10"]
 
1. Nf3 d5 2. g3 Nf6 3. Bg2 e6 4. c4 Be7 5. b3 O-O 6. Bb2 Nbd7 7. O-O b6 8. cxd5 Nxd5 9. Nc3 Nxc3 10. Bxc3 Bb7 11. Qc2 c5 12. Rfd1 Rc8 13. Qb2 Bf6 14. d4 c4 15. bxc4 Rxc4 16. Nd2 Rc7 17. e4 Qa8 18. Qb3 Rfc8 19. Rac1 Bxd4 20. Bb2 Nc5 21. Rxc5 bxc5 22. Nc4 Rd8 23. Re1 e5 24. Nxe5 c4 25. Qc2 c3 26. Nf3 Bb6 27. Bc1 Ba6 28. Bf4 Bd3 29. Qb3 Bc4 30. Qxc3 Rcc8 31. Qb2 Qb7 32. h4 Bd3 33. Be3 Bxe4 34. Bxb6 axb6 35. Qe2 Bc6 36. Rd1 Re8 37. Qd3 Be4 38. Qa3 Ra8 39. Qb3 Bc6 40. Rb1 b5 41. Rc1 b4 42. Rc5 Ra3 43. Qc4 Rc3 44. Rxc6 Qxc6 45. Qf4 Qe4 46. Qd2 Rxf3 0-1

[Event "SVM_Regionalliga_2024-25"]
[Site "?"]
[Date "2024.11.10"]
[Round "4.4"]
[Board "4"]
[White "Schüller,Tobias"]
[Black "Weber,Olaf"]
[WhiteTeam "Eschweiler SC 1"]
[BlackTeam "SF Lohmar 1"]
[WhiteElo "2015"]
[BlackElo "2027"]
[WhiteDWZ "1984"]
[BlackDWZ "1866"]
[Result "1-0"]
[PlyCount "145"]
[EventDate "2024.11.10"]
[SourceDate "2024.11.10"]
 
1. Nf3 Nf6 2. c4 e6 3. g3 b6 4. Bg2 Bb7 5. O-O Be7 6. b3 O-O 7. Bb2 c5 8. d3 d5 9. e3 Nc6 10. Qe2 Qc7 11. Nc3 a6 12. cxd5 exd5 13. Rac1 Rad8 14. Na4 Rfe8 15. d4 Ne4 16. Rfd1 Na7 17. dxc5 bxc5 18. Nxc5 Nxc5 19. b4 Qb6 20. bxc5 Bxc5 21. Bd4 Bxd4 22. Nxd4 Nc6 23. Nxc6 Bxc6 24. Rd2 Bb5 25. Qd1 Rc8 26. Bxd5 Rxc1 27. Qxc1 Qf6 28. Qb2 Qxb2 29. Rxb2 Rc8 30. Kg2 Kf8 31. Be4 g6 32. Rc2 Bc4 33. Kg1 Be6 34. Rxc8+ Bxc8 35. Kf1 Ke7 36. Ke2 Kd6 37. Kd2 Kc5 38. Kc3 Be6 39. a3 h6 40. Bd3 a5 41. Bc2 Bd7 42. Bb3 f6 43. e4 Bc6 44. Kd3 Bd7 45. Bf7 g5 46. f4 Bc6 47. Ke3 Bd7 48. h4 gxh4 49. gxh4 Bc8 50. e5 fxe5 51. fxe5 Bg4 52. Ke4 Kc6 53. Kd4 Kd7 54. Kc5 Ke7 55. Bd5 a4 56. Kb4 Bd1 57. Kc3 Bg4 58. Kd4 Bd1 59. Ke4 Be2 60. Kf5 h5 61. Kf4 Bg4 62. Bf3 Bxf3 63. Kxf3 Ke6 64. Ke4 Ke7 65. Kf5 Kf7 66. Kg5 Ke6 67. Kxh5 Kxe5 68. Kg6 Kd4 69. h5 Kc3 70. h6 Kb3 71. h7 Kxa3 72. h8=Q Kb3 73. Qa1 1-0

[Event "SVM_Regionalliga_2024-25"]
[Site "?"]
[Date "2024.11.10"]
[Round "4.4"]
[Board "8"]
[White "Oepen,Lothar"]
[Black "Rokitta,Uwe"]
[WhiteTeam "Eschweiler SC 1"]
[BlackTeam "SF Lohmar 1"]
[WhiteElo "2064"]
[BlackElo "1873"]
[WhiteDWZ "2036"]
[BlackDWZ "1640"]
[Result "1/2-1/2"]
[PlyCount "32"]
[EventDate "2024.11.10"]
[SourceDate "2024.11.10"]
 
1. c4 Nf6 2. Nc3 e5 3. e4 c6 4. Nf3 d6 5. h3 Be7 6. d4 Nbd7 7. Be3 Qc7 8. Qd2 b6 9. Rc1 a6 10. a3 c5 11. d5 h6 12. g4 g5 13. Bd3 Nf8 14. Ne2 Ng6 15. Ng3 Nf4 16. Bxf4 exf4 {(=)} 1/2-1/2

[Event "SVM_Regionalliga_2024-25"]
[Site "?"]
[Date "2024.11.10"]
[Round "4.5"]
[Board "1"]
[White "Borriss,Martin"]
[Black "Menzel,Maximilian"]
[WhiteTeam "SG Siebengebirge 1"]
[BlackTeam "SG Porz 3"]
[WhiteElo "2427"]
[BlackElo "2086"]
[WhiteDWZ "2403"]
[BlackDWZ "2156"]
[Result "1-0"]
[PlyCount "67"]
[EventDate "2024.11.10"]
[SourceDate "2024.11.10"]
 
1. e4 c6 2. d4 d5 3. e5 Bf5 4. Nf3 e6 5. Be2 Nd7 6. O-O Bg6 7. Nbd2 Nh6 8. Nb3 Nf5 9. a4 a6 10. a5 c5 11. dxc5 Nxc5 12. c3 Rc8 13. Bf4 Be7 14. g4 Nh4 15. Nxh4 Bxh4 16. Nxc5 Rxc5 17. Qa4+ Kf8 18. Be3 Rc8 19. Bb6 Qe8 20. Qd4 Be7 21. f4 f5 22. exf6 Bxf6 23. Qe3 Be4 24. Bd3 Bxd3 25. Qxd3 Qg6 26. Qf3 h5 27. g5 Be7 28. f5 Qxg5+ 29. Kh1 exf5 30. Rg1 Qf6 31. Bd4 Qf7 32. Bxg7+ Kg8 33. Bf6+ Kh7 34. Qxf5+ 1-0

[Event "SVM_Regionalliga_2024-25"]
[Site "?"]
[Date "2024.11.10"]
[Round "4.5"]
[Board "2"]
[White "Finke,Kai"]
[Black "Richter,Dirk"]
[WhiteTeam "SG Porz 3"]
[BlackTeam "SG Siebengebirge 1"]
[WhiteElo "2111"]
[BlackElo "2112"]
[WhiteDWZ "2131"]
[BlackDWZ "2020"]
[Result "1-0"]
[PlyCount "71"]
[EventDate "2024.11.10"]
[SourceDate "2024.11.10"]
 
1. d4 Nf6 2. c4 e6 3. g3 c5 4. Nf3 cxd4 5. Nxd4 a6 6. Bg2 Nc6 7. O-O Bc5 8. e3 O-O 9. Nc3 Qc7 10. b3 d6 11. Bb2 Bd7 12. Rc1 Nxd4 13. exd4 Ba7 14. Qd3 Rab8 15. Rfd1 Qa5 16. a4 Rfd8 17. Ba3 Be8 18. Qe2 Qf5 19. Ne4 Nxe4 20. Bxe4 Qf6 21. Bb2 d5 22. Bg2 dxc4 23. d5 Qg5 24. dxe6 cxb3 25. Rxd8 Rxd8 26. e7 Rb8 27. h4 Qh6 28. Rd1 Bb6 29. Qe5 Rc8 30. Bxb7 Bxf2+ 31. Kxf2 Rc2+ 32. Kf1 Qg6 33. Rd8 f6 34. Qd5+ Kh8 35. Rxe8+ Qxe8 36. Qd8 1-0

[Event "SVM_Regionalliga_2024-25"]
[Site "?"]
[Date "2024.11.10"]
[Round "4.5"]
[Board "3"]
[White "Borriss,Benjamin"]
[Black "Savchenko,Daniel"]
[WhiteTeam "SG Siebengebirge 1"]
[BlackTeam "SG Porz 3"]
[WhiteElo "1814"]
[BlackElo "2057"]
[WhiteDWZ "1958"]
[BlackDWZ "2068"]
[Result "0-1"]
[PlyCount "92"]
[EventDate "2024.11.10"]
[SourceDate "2024.11.10"]
 
1. d4 d5 2. c4 e6 3. Nc3 c5 4. e3 Nc6 5. Nf3 Nf6 6. a3 a6 7. dxc5 Bxc5 8. b4 Ba7 9. Bb2 O-O 10. Bd3 dxc4 11. Bxc4 b5 12. Bd3 Bb7 13. O-O Ne7 14. e4 Ng6 15. a4 Nf4 16. Bc2 bxa4 17. Rxa4 Bc6 18. Ra3 Qe7 19. Nd4 Bb7 20. Nce2 Ng6 21. Ng3 Rfd8 22. Qa1 Rac8 23. Bb1 Rc4 24. Ndf5 exf5 25. Nxf5 Qc7 26. Bxf6 gxf6 27. Qxf6 Bd4 28. Qg5 Rc3 29. Ra5 Bg7 30. h4 Re8 31. h5 f6 32. Qg4 Ne5 33. Ba2+ Kh8 34. Rxe5 fxe5 35. Rd1 Bf6 36. Nd6 Rf8 37. Nf7+ Rxf7 38. Bxf7 Qxf7 39. Rd7 Rc1+ 40. Kh2 Qg8 41. Qf5 Rc6 42. Rxb7 Bg7 43. b5 axb5 44. Rxb5 Rf6 45. Qxe5 Rb6 46. Qc5 Qb8+ 0-1

[Event "SVM_Regionalliga_2024-25"]
[Site "?"]
[Date "2024.11.10"]
[Round "4.5"]
[Board "4"]
[White "Kremser,Michael"]
[Black "Schild,Willi"]
[WhiteTeam "SG Porz 3"]
[BlackTeam "SG Siebengebirge 1"]
[WhiteElo "2004"]
[BlackElo "2057"]
[WhiteDWZ "2084"]
[BlackDWZ "1767"]
[Result "1-0"]
[PlyCount "121"]
[EventDate "2024.11.10"]
[SourceDate "2024.11.10"]
 
1. d4 d5 2. Nf3 Nf6 3. c4 c6 4. g3 Bf5 5. Bg2 e6 6. O-O Be7 7. Nc3 h6 8. Qb3 Qb6 9. Bf4 O-O 10. c5 Qxb3 11. axb3 Nbd7 12. b4 a6 13. Rfe1 Ne4 14. Ne5 Nxe5 15. Bxe5 Nxc3 16. bxc3 Rac8 17. e4 dxe4 18. Bxe4 Bxe4 19. Rxe4 Rfe8 20. Rae1 Rcd8 21. Kg2 Rd7 22. g4 f5 23. R4e2 Bf8 24. h3 Kf7 25. f4 g6 {(=)} 26. Kf3 Be7 27. Rg1 Bf6 28. Reg2 Bxe5 29. fxe5 fxg4+ 30. Rxg4 Rg8 31. h4 Re7 32. Ke4 Rg7 33. c4 Rg8 34. R1g2 Rg7 35. Rf2+ Kg8 36. Rf6 Kh7 37. d5 exd5+ 38. cxd5 cxd5+ 39. Kxd5 Rd7+ 40. Rd6 Rc7 41. Rf4 g5 42. Rff6 g4 43. Rxh6+ Kg8 44. Rd8+ Kf7 45. Rf6+ Ke7 46. Rff8 Rd7+ 47. Rxd7+ Kxd7 48. e6+ Ke7 49. Rb8 g3 50. Rxb7+ Kf6 51. Rxg7 Kxg7 52. c6 g2 53. c7 g1=Q 54. c8=Q Qd1+ 55. Kc6 Qa4+ 56. Kc7 Qxb4 57. Qd7+ Kh6 58. e7 Qa5+ 59. Kb7 Qb4+ 60. Ka7 Qc5+ 61. Ka8 1-0

[Event "SVM_Regionalliga_2024-25"]
[Site "?"]
[Date "2024.11.10"]
[Round "4.5"]
[Board "5"]
[White "Anderton,Philip"]
[Black "Paulus,Jeffrey"]
[WhiteTeam "SG Siebengebirge 1"]
[BlackTeam "SG Porz 3"]
[WhiteElo "1957"]
[BlackElo "2004"]
[WhiteDWZ "1856"]
[BlackDWZ "2016"]
[Result "0-1"]
[PlyCount "76"]
[EventDate "2024.11.10"]
[SourceDate "2024.11.10"]
 
1. d4 d5 2. c4 e6 3. Nc3 Nf6 4. Bg5 Nbd7 5. cxd5 exd5 6. e3 c6 7. Bd3 Bd6 8. Qc2 h6 9. Bh4 O-O 10. Nge2 Re8 11. O-O Qe7 12. Bg3 Bb4 13. a3 Bxc3 14. Nxc3 Ne4 15. Nxe4 dxe4 16. Be2 Nb6 17. Rac1 Bf5 18. Qc5 Qg5 19. b4 Rad8 20. Qa5 Ra8 21. b5 Bd7 22. Rc5 Nd5 23. bxc6 Bxc6 24. h4 Qe7 25. Qd2 Rad8 26. Rfc1 Qd7 27. Qb2 Rc8 28. Bb5 Bxb5 29. Rxc8 Rxc8 30. Rxc8+ Qxc8 31. Qxb5 Nc3 32. Qe5 f6 33. Qb8 Qxb8 34. Bxb8 a5 35. Kf1 a4 36. Ke1 Nb5 37. Kd2 Nxa3 38. Bd6 Nc4+ 0-1